Commodus : An Emperor at the Crossroads /
The emperor Commodus (AD 180-192) has commonly been portrayed as an insane madman, whose reign marked the beginning of the end of the Roman Empire. Indeed, the main point of criticism on his father, Marcus Aurelius, is that he appointed his son as his successor. Especially Commodus' behaviour a...
المؤلف الرئيسي:
التنسيق: كتاب الكتروني
اللغة: English
منشور في:
Leiden; Boston :
BRILL,
2002.
سلاسل:
Dutch Monographs on Ancient History and Archaeology ;
23.
Brill Book Archive Part 1, ISBN: 9789004472495.
الموضوعات:
الوصول للمادة أونلاين: Login to view Source
الوسوم: إضافة وسم
رقم الطلب: DG299
| LEADER | 02591nam a22005058i 4500 | ||
|---|---|---|---|
| 001 | BRILL9789004502321 | ||
| 003 | nllekb | ||
| 005 | 20230529212532.0 | ||
| 006 | m d | ||
| 007 | cr un uuuua | ||
| 008 | 200716s2002 ne sb 001 0 eng d | ||
| 020 | |a 9789004502321 |q (electronic book) | ||
| 020 | |a 9789050632386 |q (print) | ||
| 024 | 7 | |a 10.1163/9789004502321 |2 DOI | |
| 035 | |a (OCoLC)606792372 | ||
| 040 | |a NL-LeKB |c NL-LeKB |e rda | ||
| 050 | 4 | |a DG299 | |
| 072 | 7 | |a HBLA |2 bicssc | |
| 072 | 7 | |a HIS |x 010000 | |
| 072 | 7 | |a HIS |x 002000 | |
| 082 | 0 | 4 | |a 937/.06/092 |2 23 |
| 100 | 1 | |a Hekster, O., |e author. | |
| 245 | 1 | 0 | |a Commodus : |b An Emperor at the Crossroads / |c O. Hekster. |
| 246 | 3 | |a An Emperor at the Crossroads | |
| 264 | 1 | |a Leiden; |a Boston : |b BRILL, |c 2002. | |
| 300 | |a 1 online resource. | ||
| 336 | |a text |b txt |2 rdacontent | ||
| 337 | |a computer |b c |2 rdamedia | ||
| 338 | |a online resource |2 rdacarrier | ||
| 490 | 1 | |a Dutch Monographs on Ancient History and Archaeology ; |v 23 | |
| 490 | 1 | |a Brill Book Archive Part 1, ISBN: 9789004472495 | |
| 504 | |a Includes bibliographical references and index. | ||
| 520 | |a The emperor Commodus (AD 180-192) has commonly been portrayed as an insane madman, whose reign marked the beginning of the end of the Roman Empire. Indeed, the main point of criticism on his father, Marcus Aurelius, is that he appointed his son as his successor. Especially Commodus' behaviour as a gladiator, and the way he represented himself with divine attributes (especially those of Hercules), are often used as evidence for the emperor's presumed madness. However, this 'political biography' will apply modern interpretations of the spectacles in the arena, and of the imperial cult, to Commodus' reign. It will focus on the dissemination and reception of imperial images, and suggest that there was a method in Commodus' madness. | ||
| 559 | 4 | |a DG299 | |
| 588 | |a Description based on print version record. | ||
| 650 | 0 | |a Emperor. | |
| 650 | 0 | |a Emperors |z Rome |v Biography. | |
| 650 | 0 | |a Political aspects. | |
| 776 | 0 | 8 | |i Print version: |t Commodus : An Emperor at the Crossroads. |d Leiden ; Boston : BRILL, 2002 |z 9789050632386 |w (DLC) 2003443464 |w (OCoLC)49584575 |
| 830 | 0 | |a Dutch Monographs on Ancient History and Archaeology ; |v 23. | |
| 830 | 0 | |a Brill Book Archive Part 1, ISBN: 9789004472495. | |
| 856 | 4 | |z DOI: |u http://dx.doi.org/10.1163/9789004502321 | |
| 942 | |2 lcc |c EBOOK | ||
| 952 | |0 0 |1 0 |2 lcc |4 0 |6 DG0299 |7 1 |9 48844 |a BRILL |b BRILL |d 2023-05-29 |l 0 |o DG299 |r 2023-05-29 00:00:00 |w 2023-05-29 |y EBOOK | ||
| 999 | |c 54188 |d 54188 | ||
